| 000 | 00497nam a2200133Ia 4500 | ||
|---|---|---|---|
| 008 | 160809s9999 xx 000 0 und d | ||
| 100 | _aPrasad, Karuppanna N. | ||
| 245 | _aSelection of Best Alternative in Manufacturing and Service Sector Using Multi Grade Decision Approach - A Review | ||
| 245 | _cKaruppanna Prasad N and Sekar K | ||
| 260 | _bComputer Science and Information Technology | ||
| 260 | _cMarch 2016 | ||
| 650 | _xINFORMATION TECHNOLOGY | ||
| 856 | _uhttp://airccse.org/V6N51.html | ||
| 999 |
_c300085 _d300085 |
||